| 000 | 00543pab a2200169 454500 | ||
|---|---|---|---|
| 008 | 180718b2009 xxu||||| |||| 00| 0 eng d | ||
| 100 | _aKannan, K.P. | ||
| 245 | _aDualism, informality and social inequality: an informal economy perspective of the challenge of inclusive development in India | ||
| 260 | _c2009 | ||
| 300 | _ap.1-32. | ||
| 362 | _aJan-Mar | ||
| 650 | _aEconomic and social development - India | ||
| 650 | _aEconomic and social development | ||
| 773 | _aIndian Journal of Labour Economics | ||
| 908 | _aN | ||
| 909 | _a84108 | ||
| 999 |
_c84108 _d84108 |
||